|
|
|
|
| LEADER |
00000ny a22000003n 4500 |
| 005 |
20110513125517.0 |
| 008 |
101119c19969999bl ar pss 0 a0por d |
| 022 |
|
|
|a 2177-6458
|
| 035 |
|
|
|a 5044
|
| 040 |
|
|
|a BUS
|d vLex
|
| 090 |
|
|
|c 1875
|d 1875
|
| 245 |
3 |
0 |
|a Revista dos Estudantes de Direito da UnB
|h [Recurso electrn̤ico]
|
| 246 |
3 |
3 |
|a Revista dos Estudantes de Direito da Universidade de Brasl̕ia
|
| 256 |
|
|
|a Servicio en ln̕ea
|
| 260 |
|
|
|a Brasil :
|b Universidade de Brasl̕ia
|
| 310 |
|
|
|a Anual
|
| 506 |
1 |
|
|a Contenido solo disponible en los productos indicados
|d vLex Global
|d vLex Global (Academic Edition, excluding Law Schools)
|d vLex Global (U.S. Academic Edition, Law Schools)
|d vLex Global (U.S. Academic Edition, excluding Law Schools)
|d vLex Global (Academic Edition, Law Schools)
|
| 650 |
0 |
4 |
|a Enseąnza superior
|x Derecho
|z Brasil
|
| 650 |
0 |
4 |
|a Estudiantes
|x Derecho
|z Brasil
|
| 740 |
0 |
|
|a vLex Revista (Servicios en ln̕ea)
|
| 843 |
|
|
|a Electrn̤ica. Abierta
|
| 853 |
|
|
|8 1
|i (year)
|j (month)
|k (day)
|
| 856 |
4 |
|
|u http://vlex.com/source/5044
|z Acceso restringido
|
| 942 |
|
|
|c REV
|